| 000 | 00574nam a2200193 a 4500 | ||
|---|---|---|---|
| 001 | 1770285653477 | ||
| 003 | YourLibrary | ||
| 005 | 20260205153745.0 | ||
| 008 | 260205s2001##################000#0#eng## | ||
| 020 | _a9780792375531 | ||
| 082 | 0 | 4 | _a333.33071SCH |
| 100 | 1 |
_aSchulte, Karl-Werner, _eauthor. |
|
| 245 | 1 | 0 | _aReal Estate Education Throughout the World: Past, Present and Future : |
| 260 |
_bSpringer Science & Business Media, _c2001. |
||
| 300 | _a546 pages | ||
| 650 | 0 | _aBusiness & Economics. | |
| 942 | _cENGLISH | ||
| 040 |
_aYourLibrary _beng _cYourLibrary |
||
| 999 |
_c610530 _d610530 |
||